LEADER 00915nam 2200349 450 001 990003407940203316 005 20100604125108.0 035 $a000340794 035 $aUSA01000340794 035 $a(ALEPH)000340794USA01 035 $a000340794 100 $a20100604d1989----km-y0itay50------ba 101 $aita 102 $aIT 105 $a||||||||001yy 200 1 $aTemplum Dianae Tifatinae 210 $aNapoli$cArte Tipografica$d1989 215 $a358 p., 10 p. di tav.$cill.$d24 cm 410 0$12001 454 1$12001 461 1$1001-------$12001 606 0 $aSantuario di Diana sul Tifata 676 $a913 700 1$aDE FRANCISCIS,$bAlfonso$032158 801 0$aIT$bsalbc$gISBD 912 $a990003407940203316 951 $aAA 17,34$b4276 DSA 959 $aBK 969 $aDSA 979 $aDSA$b10$c20100604$lUSA01$h1251 996 $aTemplum Dianae Tifatinae$9718672 997 $aUNISA LEADER 01669oam 2200529zu 450 001 996205877103316 005 20210807004152.0 010 $a0-7695-4536-X 035 $a(CKB)3360000000370586 035 $a(SSID)ssj0000669992 035 $a(PQKBManifestationID)12306648 035 $a(PQKBTitleCode)TC0000669992 035 $a(PQKBWorkID)10714833 035 $a(PQKB)11335559 035 $a(EXLCZ)993360000000370586 100 $a20160829d2011 uy 101 0 $aeng 181 $ctxt 182 $cc 183 $acr 200 10$a2011 Ninth IEEE European Conference on Web Services 210 31$a[Place of publication not identified]$cIEEE$d2011 300 $aBibliographic Level Mode of Issuance: Monograph 517 1 $aEuropean Conference on Web Services 606 $aWeb services$vCongresses 606 $aWorld Wide Web$vCongresses 606 $aWeb databases$vCongresses 606 $aElectrical & Computer Engineering$2HILCC 606 $aEngineering & Applied Sciences$2HILCC 606 $aTelecommunications$2HILCC 615 0$aWeb services 615 0$aWorld Wide Web 615 0$aWeb databases 615 7$aElectrical & Computer Engineering 615 7$aEngineering & Applied Sciences 615 7$aTelecommunications 676 $a025.04/2 702 $aSchreier$b Ulf 702 $aZavattaro$b Gianluigi 702 $aPautasso$b Cesare 712 02$aIEEE Computer Society 712 12$aIEEE European Conference on Web Services 801 0$bPQKB 906 $aPROCEEDING 912 $a996205877103316 996 $a2011 Ninth IEEE European Conference on Web Services$92397481 997 $aUNISA LEADER 03941nam 2200637Ia 450 001 9910971136603321 005 20260327000634.0 010 $a1-78441-909-5 035 $a(CKB)3710000000433496 035 $a(EBL)2074098 035 $a(SSID)ssj0001535330 035 $a(PQKBManifestationID)11894403 035 $a(PQKBTitleCode)TC0001535330 035 $a(PQKBWorkID)11497925 035 $a(PQKB)11376451 035 $a(MiAaPQ)EBC2074098 035 $a(Au-PeEL)EBL2074098 035 $a(CaPaEBR)ebr11067130 035 $a(CaONFJC)MIL819708 035 $a(OCoLC)939554806 035 $a(UtOrBLW)bslw09345732 035 $a(EXLCZ)993710000000433496 100 $a20150714d2015 uy 0 101 0 $aeng 135 $aurun||||||||| 181 $ctxt 182 $cc 183 $acr 200 00$aAdvances in library administration and organization$hVolume 33 /$fedited by Delmus E. Williams, Janine Golden, Jennifer K. Sweeney 205 $aFirst edition. 210 1$aBingley, England :$cEmerald,$d2015. 210 4$dİ2015 215 $a1 online resource (211 p.) 225 1 $aAdvances in library administration and organization ;$vVolume 33$x0732-0671 300 $aDescription based upon print version of record. 311 08$a1-78441-910-9 320 $aIncludes bibliographical references at the end of each chapters. 327 $aInvesting in human resource development : strategic planning for success in academic libraries / Jennine Knight -- The future of university research libraries : using scenarios to envision new organizations / Jon E. Cawthorne -- Senior librarians perceptions of successful leadership skills / Denise Kwan, Libi Shen -- Emerging information literacy in a community college ESL and library learning community / David J. Patterson -- New trends that define the 21st-century library / Peter Gisolfi. 330 $aVolume 33 of Advances in library administration and organization will look at different challenges library administrators encounter, review emerging trends and bring critical analysis to this area. The last volume edited by Delmus E. Williams, Janine Golden and Jennifer Sweeney brings together a range of diverse and reflective essays to provide strategies that will be of value in addressing challenges faced by current and future librarymanagers. The first chapter of this volume looks at incorporating human resources development (HRD) into the strategic planning of libraries. Continuing on from this, Jon E. Cawthorne examines the ways research libraries can use new organizational models to support library services. A case study by Denise Kwan and Libi Shen recognizes skills identified in libraries as contributing to successful leadership. Next is a different kind of piece about efforts to link a library information course to a learning community with a focus on teaching English as a Second Language (ESL). Finally, architect Peter Gisolfi argues that library buildings will need to adapt as they transition to community information centers. 410 0$aAdvances in library administration and organization ;$vVolume 33$x0732-0671 606 $aLanguage Arts & Disciplines$xLibrary & Information Science$xAdministration & Management$2bisacsh 606 $aLibrary, archive & information management$2bicssc 606 $aLibrary administration 615 7$aLanguage Arts & Disciplines$xLibrary & Information Science$xAdministration & Management. 615 7$aLibrary, archive & information management. 615 0$aLibrary administration. 676 $a364.04199999999997 701 $aWilliams$b Delmus Eugene$01858307 701 $aGolden$b Janine$01858308 701 $aSweeney$b Jennifer K$g(Jennifer Kochanek)$01899106 801 0$bUtOrBLW 801 1$bUtOrBLW 906 $aBOOK 912 $a9910971136603321 996 $aAdvances in library administration and organization$94557980 997 $aUNINA